| 000 | 00000nam##2200000za#4500 |
| 001 | 9.663599 |
| 003 | CaOODSP |
| 005 | 20210615121125 |
| 007 | ta |
| 008 | 150407|2002||||xxc||||| f|0| 0 eng|d |
| 020 | |a0-662-66435-3 |
| 040 | |aCaOODSP|beng |
| 041 | |aeng |
| 041 | |afre |
| 043 | |an-cn--- |
| 086 | 1 |aSC94-92/2002 |
| 110 | 1 |aCanada.|bCanadian Centre for Management Development. |
| 245 | 10|aInternal services : |bensuring the realization of key government policy directions while respecting public service values |
| 260 | |aOttawa - Ontario : |bCanadian Centre for Management Development |c2002. |
| 300 | |aviii, 44p. : |c28 cm. |
| 504 | |aBibliography. |
| 563 | |aSoftcover |
| 590 | |a02-31|b2002-08-02 |
| 690 | 07|aEthics|2gcpds |
| 690 | 07|aPublic administration|2gcpds |
| 690 | 07|aPublic service|2gcpds |
| 776 | 0#|tLes services internes : |w(CaOODSP)9.630758 |
| 776 | 0#|tInternal services : |w(CaOODSP)9.686281 |
| 792 | |tLes services internes : |efre|w(CaOODSP)9.663600 |